| 000 | 00711nam a2200169 4500 | ||
|---|---|---|---|
| 999 |
_c13818 _d13818 |
||
| 020 | _a9780984434923 | ||
| 082 | _a220.95 A9865m 2009 | ||
| 100 | _aAzumi, Ryo | ||
| 245 |
_aManga mutiny : _bAngels and mankind in open rebellion / _cscript writer & artist, Ryo Azumi ; art director, Ai Horie ; English editor, Joshua Ginter ; supervisor, Kenichi Nakagawa ; coordinator, Eunyoung Park. |
||
| 260 |
_aJapan _bNEXT _cc2009 |
||
| 300 |
_a295 pages : _bchiefly color illustrations ; _c20.5 cm. |
||
| 526 |
_a200-299 _d220 |
||
| 650 | _aComic books, strips, etc. -- Religious aspects | ||
| 650 | _aBible stories, English -- Old Testament | ||
| 650 | _aAngels -- Christianity -- Juvenile literature | ||
| 942 |
_2ddc _cBK |
||